000 00956nam a2200229 a 4500
001 000041093
005 20201002034619.0
008 130917s2004 sp 000 0 spa d
020 _a840008263X
020 _aBNPHU
_bspa
_cBNPHU
100 1 _aVázquez Vilanova, José Antonio
_967610
245 1 0 _aClero y sociedad en la compostela del siglo diecinueve.
260 _aSantiago de Compostela XIX /,
_cJosé Antonio Vázquez Vilanova
_bConsejo Surperior de Investigaciones Científicas :
_bInstituto de Estudios Gallegos,
_c2004.
300 _a290 p. ;
_c25 cm.
490 1 _aCuadernos de estudios gallegos
_aanexo
_v33
504 _aIncluye referencias bibliográficas y notas al pie de las páginas
504 _aBibliografía : p. 169- 290
710 2 _aConsejo Surperior de Investigaciones Científicas
_967611
710 2 _aInstituto de Estudios Gallegos
_967612
830 0 _aCuadernos de estudios gallegos
_aanexos
_n33
_967613
999 _c40583
_d40583
040 _aDO-SdBNP